| 000 | 00745nam a22002537a 4500 | ||
|---|---|---|---|
| 001 | 14112 | ||
| 003 | BD-RjUL | ||
| 005 | 20211208235556.0 | ||
| 008 | 140205r19531937enka|||| |||| 001 0 eng d | ||
| 035 | _a(BD-RjUL)14164 | ||
| 040 |
_aBD-RjUL _beng _cBD-RjUL _dBD-RjUL |
||
| 041 | _aeng | ||
| 082 | 0 | 4 |
_219 _a621.43 _bPYI 1953 |
| 100 | 1 |
_aPye, D.R. _944084 |
|
| 245 | 1 | 4 |
_aThe internal combustion engine / _cby D.R. Pye _nVol. 1 |
| 250 | _a2nd. ed. | ||
| 260 |
_aLondon : _boxford university press, _c1953 |
||
| 300 |
_axv,294p. : _billus. ; _c23cm. |
||
| 490 | _aThe oxford engineering science series | ||
| 504 | _aInclude index | ||
| 650 | 0 |
_aInternal combustion engines. _935405 |
|
| 650 | 0 |
_aAirplanes -- Motors. _944085 |
|
| 942 |
_2ddc _cBK |
||
| 999 |
_c14112 _d14112 |
||